Čo je to topológia ? /

Salvato in:
Dettagli Bibliografici
Autori principali: Tvarožek, Jozef (Autore), Hejný, Milan (Autore), Kulich, Ivan (Autore)
Natura: Libro
Lingua:slovacco
Pubblicazione: Bratislava : Alfa, 1983
Soggetti:
Tags: Aggiungi Tag
Nessun Tag, puoi essere il primo ad aggiungerne!!

MARC

LEADER 00000nam a22000003a 4500
001 stu36775
005 20150617225726.3
008 920618s1983----cs------------------slo-d
040 |a STU  |b slo 
041 0 |a slo 
044 |a cs 
080 |a 515.12  |7 stu_us_auth*stu6425 
100 1 |a Tvarožek, Jozef  |4 aut 
245 1 |a Čo je to topológia ? /  |c [aut.]Milan Hejný, Ivan Kulich, Jozef Tvarožek 
260 |a Bratislava :  |b Alfa,  |c 1983 
300 |a 239 s 
650 7 |a topológia  |2 stusub 
700 1 |a Hejný, Milan  |4 aut 
700 1 |a Kulich, Ivan  |4 aut 
996 |b 284M011578  |c M*6451-1  |l MMKN  |s A  |a 24  |w stu36775_0001